000 00319nam a22001337a 4500
008 170414b xxu||||| |||| 00| 0 eng d
020 _a2900073375556
041 _aeng
080 _29TH
_a612.39
100 _a10
101 _aSHM
245 _aNUTRITION FOR HEALTH, FITNESS, & SPORT
_cWILLIAMS, M.H
942 _2udc
_cBK
999 _c10748
_d10748